| 000 | 01992cam a22004814i 4500 | ||
|---|---|---|---|
| 003 | PE-LiUPU | ||
| 005 | 20250731173343.0 | ||
| 008 | 150706s2006 sp rb 000 0 spa d | ||
| 020 | _a8481693707 | ||
| 035 | _a(Sirsi) i9788481693706 | ||
| 040 |
_aPE-LiUPU _bspa _cPE-LiUPU _erda |
||
| 049 | _aPRUA | ||
| 082 | 0 | 4 |
_a224.6 _bS45 _221 |
| 100 | 1 |
_aSevilla Jiménez, Cristóbal, _d1962- , _eautor. |
|
| 245 | 1 | 3 |
_aEl desierto en el profeta Oseas / _cCristóbal Sevilla Jiménez. |
| 264 | 1 |
_aEstella (Navarra) : _bVerbo Divino, _c[2006]. |
|
| 300 |
_a285 páginas ; _c24 centímetros |
||
| 336 |
_atext _2rdacontent |
||
| 337 |
_aunmediated _2rdamedia |
||
| 338 |
_avolume _2rdacarrier |
||
| 490 | 1 |
_aAsociación Bíblica Española ; _v45 |
|
| 504 | _aIncluye bibliografía. | ||
| 505 | 0 | _aOs 2, 16-17. Del desierto del profeta al desierto de YHWH -- Os 9,10. La crisis de la guerra siroefraimita y el desierto -- Os 11, 1-4. Lo que YHWH hizo y todavía puede hacer en el desierto -- Os 12, 10-11. El desierto y los profetas -- Os 13, 4-6 -- La difícil misericordia de YHWH durante la crisis final de Samaría. | |
| 526 | _aSEG42 | ||
| 526 | _aSEG41 | ||
| 526 | _aSEG40 | ||
| 526 | _aSEG39 | ||
| 526 | _aP94 | ||
| 526 | _aP87 | ||
| 526 | _aP86 | ||
| 526 | _aP85 | ||
| 526 | _aP77 | ||
| 526 | _aP76 | ||
| 526 | _aP35 | ||
| 541 | _g007-0020317; | ||
| 630 |
_aBiblia. _pA.T. _pOseas _xCrítica e interpretación _vTesis doctorales. |
||
| 910 |
_agl _bjv _clch _d20091007 |
||
| 942 |
_2ddc _cBOOK |
||
| 949 |
_a224.6 S45 _wDEWEY _c1 _i60359 _d2016-9-6 _e2016-9-5 _lCCODEBUL1 _mBUL _n2 _p31.00 _r0 _sY _tBOOK _u2015-7-6 _xTEOLOGIA _zUNKNOWN _0COMPRA _o.STAFF. Colección Teología |
||
| 994 |
_aC0 _bPEPRU |
||
| 596 | _a1 | ||
| 999 |
_a224.6 S45 _wDEWEY _c49822 _i60359 _d49822 _e2019-6-17 _f2021-11-9 _g5 _lCCODEBUL1 _mBUL _n6 _p31.00 _q5 _r0 _sY _tBOOK _u2015-7-6 _xTEOLOGIA _PP35 _0COMPRA _o.STAFF. Colección Teología |
||
| 980 |
_81 _gALBERTO SANCHEZ Responsable de Automatización |
||